01114nas a2200313 4500001001300000003000900013005001700022007000300039008003400042040005400076041000900130072000800139100002300147100001900170100001500189100001900204100002300223245006200246650002200308650003500330650001700365650002200382773010700404856006900511909004000580942001800620999001900638952014300657BR2017003392BR-BrBNA20231205131201.0ta230509b bl.|||p| |||| 00| 00por d aBR-BrBNAbporcBiblioteca Nacional de Agricultura a(En) aP331 aSouza, J.J.L.L. de1 aFontes, M.P.F.1 aGilkes, R.1 aCosta, L.M. da1 aOliveira, T.S. de 1 aGeochemical signature of Amazon Tropical rainforest soils aANÁLISE DO SOLO aPROPRIEDADE FÍSICO-QUÍMICA aMETAL PESADO aFLORESTA TROPICAL0 tRevista Brasileira de Ciência do Solo (Brazil)xISSN 1806-9657 g(2018), v. 42 p. 1-18wBR201700339240uhttp://www.scielo.br/pdf/rbcs/v42/1806-9657-rbcs-42-e0170192.pdf a202311bLúciac55dLúcia Elande 2AGRISn0cANA c253445d253445 002AGRIS4071a41918b41918cPeriódicos Agrícolash(2018), v. 42 p. 1-18l0r2023-11-29t01yCRePortaria Interministerial nº 164/94